Popri tanci zaznie dobrá muzika: Janko Lehotský a Vašo Patejdl festival Cassia Dance Fest 2007 privíta počas troch dní v Steel Aréne viac ako 600 tanečníkov všetkých štýlov tanca

Bibliographic Details
Format: Article
Language:Slovak
PhysicalDescription:Obr.
ISSN:1336-5320
Subjects:
Online Access:www.korzar.sk

MARC

LEADER 00000nab a2200000 a 4500
001 vtls009004514
003 SK-MaSNL
005 20260303065639.0
008 070702 2007 xo r r 000 0 slo
038 |a KEVKJB 
040 |a KEVKJB  |b slo  |c KEVKJB  |e AACR2 
041 0 |a slo 
044 |a xo  |c SK 
080 |a 793.3.079  |2 2001 
245 0 0 |a Popri tanci zaznie dobrá muzika: Janko Lehotský a Vašo Patejdl  |b festival Cassia Dance Fest 2007 privíta počas troch dní v Steel Aréne viac ako 600 tanečníkov všetkých štýlov tanca  |c [autor] kid 
300 |b Obr. 
611 2 7 |a Cassia dance fest  |n (2. :  |d 2007 :  |c Košice, Slovensko)  |2 kevkjb  |9 1065989 
650 0 7 |a tanečné festivaly  |2 kevkjb  |9 74511 
650 0 7 |a tanec  |2 kevkjb  |9 743 
651 7 |a Košice (Slovensko)  |2 kevkjb  |9 18694 
773 0 |t Košický večer  |g Roč. 18(39), č. 26 (29.6.2007), s. 4  |x 1336-5320 
852 |a KEVKJB  |b KIS3GCP 
856 4 1 |u www.korzar.sk 
999 |c 1752042  |d 1753972